Statistiques concernant Pays les plus proches de la Timor-Leste - une minute sprint

Cliquez ici pour prendre le quiz!

Statistiques générales

  • Ce quiz a été pris 61 fois
  • Le résultat moyen est 14 sur 20

Statistiques - réponses

kmpays% Correct
0Indonésie
97%
461Australie
93%
1594Malaisie
91%
1813Brunei
84%
1506Papouasie-
Nouvelle-Guinée
84%
2979Thaïlande
84%
1538Philippines
79%
2516Singapour
78%
2899Viêt Nam
78%
3227Laos
76%
3433Chine
74%
2988Cambodge
72%
3549Birmanie
64%
3796Inde
64%
2176Micronésie
53%
1620Palaos
53%
3109Salomon
53%
3436Taïwan
45%
3624Japon
41%
4319Vanuatu
41%

Distribution des résultats

Percentile par nombre de réponses

% des personnes avec chaque résultat

Votre développement - résultats

Vous n’avez pas pris ce quiz